000 00415nam a2200181Ia 4500
001 24279
005 20260414151032.0
008 260414t2022||||xx |||||||||||||| ||spa||
041 _aESP
082 _a345.2
_bM86
100 _aMoreno Nieves, Jefferson
_eAUT
245 0 _aEl defensor
_b
260 _c2022
300 _a221 páginas :
_c23 cm.
650 _aDER
654 _aCDE
942 _cLIB
_dJUS
_fJUS
_2ddc
_n
999 _c24279
_d24279